Jala Brat and Buba Corelli Songs by Picture - Statistics

General Stats
  • This quiz has been taken 8 times
  • The average score is 6 of 20
Answer Stats
Picture Answer % Correct
Jala Brat - 99
71%
Jala Brat & Buba Corelli - Bimmer
71%
Jala Brat & Buba Corelli - Monster
71%
Jala Brat & Buba Corelli - Ultimatum
57%
Buba Corelli - Fetiš
43%
Jala Brat & Buba Corelli - Bass
43%
Buba Corelli & Jala Brat & Coby - Divljam
29%
Buba Corelli - Usta na usta
29%
Elena & Buba Corelli - Zatvaranje
29%
Jala Brat & Buba Corelli - Cataleya
29%
Jala Brat & Buba Corelli - Warsaw
29%
Jala & Buba Corelli - Dobar umire mlad
29%
Jala Brat - Bakšiš
14%
Jala Brat & Buba Corelli & Devito - Karamela
14%
Jala Brat & Buba Corelli - Goodfellas
14%
Jala Brat & Buba Corelli - Vrati je tati
14%
Jala Brat - Gasira
14%
Jala Brat & Hava - Noć
14%
Jala Brat & Light - Dostojevski
14%
Maya Berovic & Jala Brat - V.I.P.
14%
No matching quizzes found
Score Distribution
Percent of People with Each Score
Percentile by Number Answered
Your Score History
You have not taken this quiz